000 01120nam a22003850a 4500
001 PT22886
003 AR-LpoUNG
005 20210131233120.0
008 191001s2005||||ag |||||||||||||||||spa d
020 _a9872128200
_c$56
040 _aAR-LpoUNG
_bspa
_cAR-LpoUNG
_eaacr
041 _aspa
044 _aag
082 0 _aA861 473esc
100 1 _aAlvarez de Barros, Lucina
245 1 0 _aEscritos en la memoria :
_bantología : escritores asesinados y/o desaparecidos entre 1974 - 1983
250 _a1§ edición
260 _aBuenos Aires :
_bLos Cuatro Indiecitos,
_c2005.
300 _a135 p. :
_bil.
650 4 _aARGENTINA
650 4 _aDICTADURA
650 4 _aLITERATURA
651 4 _aArgentina
653 _aDESAPARECIDOS
653 _aMEMORIA COLECTIVA
653 _aPOESIA
653 _aREPRESION
700 1 _aBalbi, Osvaldo
700 1 _aBarro, Oscar Osvaldo
700 1 _aGalasso, Norberto
_epról.
710 2 _aArgentina. Ministerio de Relaciones Exteriores, Comercio Internacional y Culto
710 2 _aArgentina. Secretaría de Cultura
905 _a22886
942 _cLIB
999 _c19247
_d19247